Tableau des médailles olympiques - Moscou 1980 - Statistiques

Statistiques générales
  • Ce quiz a été pris 18 fois
  • Le résultat moyen est 8 sur 11
Statistiques - réponses
Or Argent Bronze Total Pays % Correct
6 5 3 14 France
100%
47 37 42 126 Allemagne de l’Est
94%
5 7 9 21 Grande-Bretagne
94%
80 69 46 195 Union soviétique
94%
3 14 15 32 Pologne
78%
7 10 15 32 Hongrie
72%
8 3 4 15 Italie
72%
6 6 13 25 Roumanie
61%
8 16 17 41 Bulgarie
56%
2 3 9 14 Tchécoslovaquie
44%
8 7 5 20 Cuba
39%
Aucun quiz correspondant
Distribution des résultats
% des personnes avec chaque résultat
Percentile par nombre de réponses
Votre historique - résultats
Vous n’avez pas pris ce quiz